El rǧimen profesional del trabajo autn̤omo econm̤icamente dependiente novedades legales y jurisprudenciales /

Detalles Bibliográficos
Autor principal: Přez Rey, Joaqun̕
Formato: eBook
Lenguaje:español
Publicado: Albacete: Editorial Bomarzo, 2016
Materias:
Acceso en línea:Acceso restringido

MARC

LEADER 00000nam a22000007a 4500
005 20170910224854.0
007 cr|||| ||||
008 170910s2016 es |||||s|||| 00||0 spa d
020 |a 978-84-16608-27-0 
035 |a 20580 
040 |a vLex 
090 |c 6953  |d 6953 
100 1 |a Přez Rey, Joaqun̕ 
245 1 2 |a El rǧimen profesional del trabajo autn̤omo econm̤icamente dependiente  |h [Recurso electrn̤ico] :  |b novedades legales y jurisprudenciales /  |c Joaqun̕ Přez Rey 
256 |a Servicio en ln̕ea 
260 |a Albacete:  |b Editorial Bomarzo,  |c 2016 
300 |a 1 recurso electrn̤ico 
506 1 |a Disponible solo en los productos indicados  |d vLex Global  |d vLex Global (Academic Edition, excluding Law Schools)  |d vLex Global (U.S. Academic Edition, Law Schools)  |d vLex Global (U.S. Academic Edition, excluding Law Schools)  |d vLex Global (Academic Edition, Law Schools) 
650 0 4 |a Derecho Laboral y Seguridad Social  |z Espaą 
740 0 |a vLex Libros (Servicio en ln̕ea) 
856 4 0 |u http://vlex.com/source/regimen-profesional-trabajo-autonomo-economicamente-dependiente-20580  |z Acceso restringido 
942 |c BOOK 
999 0 |a Labor law and social security